Statistics for Heartland Shopping Malls in Singapore

Click here to take the quiz!

General Stats

  • This quiz has been taken 480 times
    (478 since last reset)
  • The average score is 13 of 26

Answer Stats

HintAnswer% Correct
BishanJunction 8
78%
Jurong EastJEM
74%
SerangoonNEX
73%
TampinesTampines Mall
69%
Jurong EastJCube
68%
YishunNorthpoint
68%
Ang Mo KioAMK Hub
64%
Jurong EastIMM
62%
Pasir RisWhite Sands
60%
WoodlandsCauseway Point
58%
Jurong WestJurong Point
56%
Marine ParadeParkway Parade
54%
ChangiChangi City Point
52%
TampinesTampines 1
51%
TampinesCentury Square
48%
Chua Chu KangLot 1
45%
NovenaVelocity
45%
Farrer ParkCity Square Mall
44%
Bukit BatokWest Mall
44%
Telok BlangahVivoCity
42%
SengkangCompass Point
40%
SimeiEast Point
40%
SembawangSun Plaza
40%
Telok BlangahHarbourfront
25%
AlexandraAnchorpoint
22%
River ValleyGreat World City
21%

Score Distribution

Percentile by Number Answered

Percent of People with Each Score

Your Score History

You have not taken this quiz since the last reset